000 00402nam a22001337a 4500
003 SGT
020 _a9788191077377
082 _a891.4309
_bS11B
100 _aभारती, कँवल
245 _a स्वामी अधुतानन्द्जी 'हरिहर' संचयिता
260 _bस्वराज प्रकाशन
_c2011
300 _a167
942 _2ddc
_cBK
999 _c31869
_d31869